|
|
|
|
| LEADER |
00000naa2a2200000 4500 |
| 001 |
138634 |
| 005 |
20231031141516.0 |
| 035 |
|
|
|a (RuTPU)RU\TPU\book\150211
|
| 090 |
|
|
|a 138634
|
| 100 |
|
|
|a 20080528d2005 k y0rusy50 ca
|
| 101 |
0 |
|
|a rus
|
| 102 |
|
|
|a RU
|
| 200 |
1 |
|
|a Получение ниодима и сплава неодим-железо электролизом оксидно-фторидных расплавов
|f В. С. Щербаков, В. А. Гребнев, В. Ю. Шаповал
|g науч. рук. В. П. Дмитриенко
|
| 463 |
|
0 |
|0 (RuTPU)RU\TPU\book\118373
|t Химия и химическая технология в XXI веке
|o материалы VI Всероссийской студенческой научно-практической конференции, 11-12 мая 2005 г., Томск
|f Томский политехнический университет; под ред. А. А. Бакибаева
|v С. 99-102
|d 2005
|p 352 с.
|
| 610 |
1 |
|
|a неодим
|
| 610 |
1 |
|
|a неодим-железо
|
| 610 |
1 |
|
|a сплавы
|
| 610 |
1 |
|
|a получение
|
| 610 |
1 |
|
|a оксидно-фторидные расплавы
|
| 610 |
1 |
|
|a электролиз
|
| 610 |
1 |
|
|a редкоземельные металлы
|
| 610 |
1 |
|
|a труды учёных ТПУ
|
| 700 |
|
1 |
|a Щербаков
|b В. С.
|
| 701 |
|
1 |
|a Гребнев
|b В. А.
|
| 701 |
|
1 |
|a Шаповал
|b В. Ю.
|
| 702 |
|
1 |
|a Дмитриенко
|b В. П.
|4 727
|
| 801 |
|
1 |
|a RU
|b 63413507
|c 20080528
|g PSBO
|
| 801 |
|
2 |
|a RU
|b 63413507
|c 20111220
|g RCR
|
| 942 |
|
|
|c BK
|